1335 1137 1666 1368 1130 1419 1982 1126 1485 1756 1932 1150 1769 1831 1440 1247 1354 1716 1657 1522 1399 1055 1325 1331 1667 1963 1428 1453 1285 1491 1221 1501 1122 1596 1300 1567 1059 1079 1805 1195 1498 1069 1270 1122 1806 1282 1351 1603 1999 1253 1317 1998 1444 1762 1487 1720 1115 1911 1311 1942 1646 1143 1006 1471 1946 1304 1546 1640 1379 1238 1359 1851 1747 1860 1795 1174 1024 1438 1064 1036 1635 1272 1642 1170 1313 1888 1366 1146 1500 1170 1808 1735 1663 1864 1082 1736 1239 1897 1920 BCNSPRNW ULIB Ver.6.0+V

เปลี่ยนเป็นภาษาไทย

Change to English
 แสดงรายละเอียดบรรณานุกรม
  กลับหน้าหลัก

Brief Record : Get Marc (ISO 2709) : E-mail record : QR code < ปิดหน้าต่าง
LEADER : 00000nam 2200000uu 4500
001    13399125918
003     ULIB
008    170928s2556||||th 000 0 tha d
020    ^a9789742533885
090    ^aนว.^bว111ม
100    ^aว.วินิจฉัยกุล
245    ^aเมืองโพล้เพล้ /^cว.วินิจฉัยกุล
260    ^aกรุงเทพฯ :^bอักษรโสภณ,^c2556
300    ^a503 หน้า
945    ^p0^l0^i003365
999    ^aประนอม เกษจรัล
รายการนี้ยังไม่มีแท็ก
คุณยังไม่ได้ล็อกอิน คุณสามารถมีกิจกรรมร่วมกับเว็บไซต์ได้ แต่ต้องล็อกอินก่อน ::
  ล็อกอิน

รายการสื่อสารสนเทศ

ลำดับที่ ประเภท เลขเรียก/บาร์โค้ด สถานที่ สถานะ
1. วิทยาศาสตร์การแพทย์ และสุขภาพ
วิทยาศาสตร์การแพทย์ และสุขภาพ
นว. ว111ม ฉ.1 
  Barcode: 003365
ห้องสมุดวิทยาเขตนครสวรรค์
►นวนิยาย:l:Fiction
บนชั้น

รายการใกล้เคียง
    ผู้แต่ง [ว.วินิจฉัยกุล]

BibComment


ยังไม่เคยถูกคอมเมนท์

คอมเมนท์ทรัพยากรรายการนี้
  คอมเมนท์: เมืองโพล้เพล้ ว..


 Copyright 2026. Bcnsprnw @Library